Wszystkie znaki zakazu - Statystyki

Ogólne statystyki
  • Ten quiz został rozwiązany 31 razy
  • Średni wynik to 13 z 53
Statystyki odpowiedzi
Obrazkowy Odpowiedź % Poprawnych
zakaz wjazdu
100%
Stop
48%
zakaz postoju
43%
zakaz ruchu w obu kierunkach
43%
zakaz zawracania
43%
zakaz wjazdu autobusów
39%
zakaz wyprzedzania
39%
kontrola drogowa
35%
kontrola graniczna
35%
pobór opłat
35%
rogatka uszkodzona
35%
sygnalizacja uszkodzona
35%
wjazd na prom
35%
koniec ograniczenia prędkości
30%
koniec zakazu wyprzedzania
30%
koniec zakazu zawracania
30%
ograniczenie prędkości
30%
zakaz skręcania w lewo
30%
zakaz skręcania w prawo
30%
zakaz wjazdu rowerów
30%
zakaz wjazdu samochodów ciężarowych
30%
zakaz postoju w dni nieparzyste
26%
zakaz postoju w dni parzyste
26%
zakaz ruchu pieszych
26%
zakaz wjazdu ciągników rolniczych
26%
zakaz zatrzymywania się
26%
koniec zakazów
22%
zakaz wjazdu motocykli
22%
zakaz wjazdu motorowerów
22%
zakaz wjazdu pojazdów silnikowych z przyczepą
22%
zakaz wjazdu pojazdów silnikowych, z wyjątkiem motocykli jednośladowych
22%
zakaz wjazdu wózków rowerowych
22%
koniec strefy ograniczonego postoju
17%
koniec strefy ograniczonej prędkości
17%
koniec zakazu używania sygnałów dźwiękowych
17%
koniec zakazu wyprzedzania przez samochody ciężarowe
17%
kontrola celna
17%
strefa ograniczonego postoju
17%
strefa ograniczonej prędkości
17%
zakaz używania sygnałów dźwiękowych
17%
zakaz wjazdu pojazdów o szerokości ponad
17%
zakaz wjazdu pojazdów o wysokości ponad
17%
zakaz wjazdu pojazdów zaprzęgowych
17%
zakaz wjazdu wózków ręcznych
17%
zakaz wyprzedzania przez samochody ciężarowe
17%
zakaz wjazdu pojazdów o długości ponad
13%
zakaz wjazdu pojazdów o rzeczywistej masie całkowitej ponad
13%
pierwszeństwo dla nadjeżdżających z przeciwka
4%
zakaz wjazdu pojazdów o nacisku osi większym niż
4%
zakaz wjazdu pojazdów z towarami, które mogą skazić wodę
4%
zakaz wjazdu pojazdów z towarami niebezpiecznymi
4%
zakaz wjazdu pojazdów z towarami wybuchowymi lub łatwo zapalnymi
4%
zakaz wjazdu samochodów ciężarowych o określonej masie
0%
Nie znaleziono quizów pasujących do podanych kryteriów
Rozkład punktacji
Procent ludzi z każdym wynikiem
Percentyl według liczby udzielonych odpowiedzi
Twoja historia wyników
Nie rozwiązałeś tego quizu